Qvod Fides Esse Possit Sine Charitate, Expositio Pia Et Catholica. Per Iohannem Fabri, Sacrae Theologiae Baccalaureum, diuini verbi concionatorem. Galathas V. In Christo Iësu neqЗ prêputium, sed fides, quae per charitatem operatur

Bibliographic Details
Main Author: Fabri, Johannes aus Heilbronn, 1504-1558 (Author, Dedicator)
Corporate Author: Ulhart, Philipp starší (Augsburg, Nemecko) (Printer)
Other Authors: Ruiz de Moros, Pedro z. 1571 (Contributor), Ulhart, Philipp, starší, zomrel 1568 (Printer)
Format: Book
Language:Latin
PhysicalDescription:A4 - F4 [=24] listov 4°
Published: Avgvstae Vindelicorvm Philippus Vlhardus excudebat Anno M. D. XLVIII. [=1548] Mense Septembri
Subjects:

MARC

LEADER 00000nam a2200000 a 4500
001 vtls001516086
003 SK-MaSNL
005 20260301122456.0
008 251112s1548 gw f 01000 lat
015 |a SNBHFA 
035 |a P3k10358Bap 
035 |a urn:nbn:sk:snk-am3ivg6 
035 |a 70391180-18CB-4E25-8B07-40289D6B163D 
035 |a urn:nbn:sk:snk-am00fhds 
040 |a SNK  |b slo  |c SNK  |e AACR2 
041 0 |a lat 
044 |a gw  |c DE 
072 7 |a 2-1  |x Prirodzená teológia. Náboženská filozofia  |2 konspekt 
080 |a 2-1  |2 2011 
100 1 |a Fabri, Johannes aus Heilbronn,  |d 1504-1558  |4 aut  |9 195891 
245 1 0 |a Qvod Fides Esse Possit Sine Charitate, Expositio Pia Et Catholica. Per Iohannem Fabri, Sacrae Theologiae Baccalaureum, diuini verbi concionatorem. Galathas V. In Christo Iësu neqЗ prêputium, sed fides, quae per charitatem operatur 
260 |a Avgvstae Vindelicorvm  |b Philippus Vlhardus excudebat  |c Anno M. D. XLVIII. [=1548] Mense Septembri 
300 |a A4 - F4 [=24] listov  |c 4° 
500 |a Iniciálka s figurálnym pozadím v rámčeku na 4 riadkov 
501 |a Príväzok 3. k: KAROL V. - cisár Svätej ríše rímskej. Declaratio. Augustae Vindelicorum: Philippus Vlhardus excudebat, 1548.  |5 SNK IC 144773 
508 |a Dedikácia: Wilhelm von Waldburg-Trauchburg mladší; Žigmund I. - poľský kráľ; Príležitostné básne: Ruiz de Moros, Pedro 
510 0 |a VD 16 F/158 
546 |a Latinčina  |b Kurzíva 
561 |a Z knižnice františkánov v Bratislave.  |5 SNK IC 144773/prív.3 
650 0 7 |a teológia  |2 SNKPH  |9 1814 
700 0 |a Wilhelm von Waldburg-Trauchburg,  |c mladší,  |d 1518-1566  |4 hnr  |9 468081 
700 0 |a Žigmund  |b I. Starý,  |c poľský kráľ,  |d 1467-1548  |4 hnr  |9 72476 
700 2 |a Ruiz de Moros, Pedro  |d z. 1571  |4 ctb  |9 130251 
700 1 |a Ulhart, Philipp,  |c starší,  |d zomrel 1568  |4 prt  |9 131070 
700 1 |a Fabri, Johannes aus Heilbronn,  |d 1504-1558  |4 dto  |9 195891 
710 0 |a Ulhart, Philipp starší (Augsburg, Nemecko),  |d 1522-1567  |4 prt  |9 165026 
710 1 |a Františkáni (Bratislava, Slovensko)  |4 fmo  |9 281881 
752 |a Nemecko  |d Augsburg 
852 |a snk  |b Historické fondy  |p IC 144773/prív.3 
958 |a ONDV 
958 |a DA 
999 |c 733004  |d 734934 
952 |t Fr Ba 10 358  |a SNK  |b SNK  |c SNK_HF  |y PREZ  |7 0  |p 17A1355864  |o snkIC 144773/prív.3  |i snk2019/16898  |8 5  |0 0  |1 0  |4 0  |d 2005-04-05  |f 1  |l 0  |r 2005-04-05 00:00:00  |w 2026-02-23